| 000 | 01959nam2a2200253 4500 | ||
|---|---|---|---|
| 001 | RU\NLR\BIBL_A\022688225 | ||
| 005 | 20260204133301.0 | ||
| 010 |
_a978-5-7422-9022-3 _bт. 2 |
||
| 021 |
_aRU _bКН-П-25-066140 _9КН-П-25-6402 |
||
| 035 | _a(NLR Aleph) 022688225 | ||
| 090 |
_a13505636 _c13505636 |
||
| 100 | _a20251215d2025 k y0rusy50 ca | ||
| 101 | 0 |
_arus _aeng |
|
| 102 | _aRU | ||
| 105 | _ay z 100yy | ||
| 200 | 0 | _aТ. 2 | |
| 210 | _d2025 | ||
| 215 | _a308 с. | ||
| 300 | _aЧасть текста англ. | ||
| 461 | 0 |
_1001RU\NLR\BIBL_A\022685656 _12001#$aГуманитарный форум в Политехническом$eматериалы IV Всероссийской молодежной научно-практической конференции, Санкт-Петербург, 10-12 апреля 2025 года$eв 4 т.$fМинистерство науки и высшего образования Российской Федерации, Санкт-Петербургский политехнический университет Петра Великого, [Гуманитарный институт]$gнаучный редактор: Н. В. Чичерина$vТ. 2 _913540054 _cСанкт-Петербург _d2025 _fМинистерство науки и высшего образования Российской Федерации, Санкт-Петербургский политехнический университет Петра Великого, [Гуманитарный институт] _nПолитех-Пресс _oматериалы IV Всероссийской молодежной научно-практической конференции, Санкт-Петербург, 10-12 апреля 2025 года : в 4 т. _tГуманитарный форум в Политехническом _y978-5-7422-9016-2 _vТ. 2 |
|
| 942 | _cBOOK | ||
| 980 | _aNB | ||